[Event "DEN-ch G5-2"]
[Site "Svendborg"]
[Date "2016.03.26"]
[Round "2"]
[White "Hansen, Adam Blatchley"]
[Black "Svane, Henrik"]
[Result "1/2-1/2"]
[WhiteElo "1702"]
[BlackElo "2088"]
[PlyCount "81"]
[EventDate "2016.03.24"]
[EventType "swiss"]
[EventRounds "5"]
[EventCountry "DEN"]
[SourceTitle "EXT 2023"]
[Source "ChessBase"]
[SourceDate "2022.10.05"]
[SourceVersion "1"]
[SourceVersionDate "2022.10.05"]
[SourceQuality "1"]

1. b4 e5 2. Bb2 Bxb4 3. Bxe5 Nf6 4. c4 0-0 5. Nf3 Re8 6. e3 d5 7. Qb3 Nc6 8. Bc3 Bxc3 9. dxc3 Na5 10. Qa4 Nxc4 11. Bxc4 dxc4 12. Qxc4 Be6 13. Qd4 Qe7 14. Qb4 c5 15. Qb2 Bc4 16. Nbd2 Bd3 17. c4 Rad8 18. Rc1 Ng4 19. e4 Bxe4 20. 0-0 Bxf3 21. Nxf3 Qc7 22. Rfe1 Rxe1+ 23. Rxe1 h6 24. Qb5 Nf6 25. g3 b6 26. a4 Qb7 27. Qb3 Qd7 28. a5 bxa5 29. Ra1 Qf5 30. Rxa5 Rd3 31. Nh4 Qe4 32. Qb8+ Kh7 33. Ra1 g5 34. Qxa7 Kg7 35. Ng2 Qxc4 36. Ne3 Qe6 37. Qxc5 Kg6 38. Qc2 Qe4 39. Ra4 Rxe3 40. Rxe4 Nxe4 41. Qd2 1/2-1/2